000 01040nam0a22002411 4500
001 rc\1021919
005 20250622081924.0
035 _a(NLR Aleph) 006186526
090 _a6121182
_c6121182
100 _a20041129d1981 |||y0rusy50 ca
101 0 _arus
102 _aRU
105 _ay |||||||||
200 1 _aОтраслевая методика оценки уровня качества. Комплексы проходческие комбайновые
_eМ 12.44.049-79
_eСрок действия с 01.12.79 до 01.12.82
_fМ-во угол. пром-сти СССР, Ин-т горн. дела им. А.А. Скочинского, ЦНИИподземмаш
_g[Отв. исполн. кандидаты техн. наук В.Л. Долгов, С.С. Зиманенко]
210 _aМ.
_cБ. и.
_d1981
215 _a32 с.
_d20
320 _aБиблиогр.: с. 30-31
333 _aДСП. Экз. № 195
801 0 _aRU
_bNLR
_gpsbo
801 1 _aRU
_bELAR
_2rusmarc
852 _aNLR
_j81-50К/3128
942 _cBOOK
980 _aNB